Tori Amos Discography Quiz Stats

Quiz not verified by Sporcle

Challenge
Share
Tweet
Embed
Score 0/291 Timer 20:00
0 Plays Today
Album Answer % Correct
Little EarthquakesLittle Earthquakes
98.8%
To Venus and Back: Still OrbitingLittle Earthquakes (Live)
98.8%
Little EarthquakesCrucify
96.3%
Little EarthquakesMother
96.3%
Little EarthquakesGirl
95.1%
Little EarthquakesSilent All These Years
95.1%
Little EarthquakesWinter
95.1%
To Venus and Back: Still OrbitingGirl (Live)
95.1%
To Venus and Back BsidesWinter (Live) (1000 Oceans)
95.1%
Little EarthquakesMe and a Gun
93.8%
Under the PinkPretty Good Year
93.8%
Little EarthquakesPrecious Things
92.6%
Little EarthquakesHappy Phantom
92.6%
Little EarthquakesChina
92.6%
To Venus and Back: Still OrbitingPrecious Things (Live)
92.6%
Under the PinkCornflake Girl
91.4%
Boys for PeleProfessional Widow
91.4%
From the Choirgirl HotelSpark
91.4%
To Venus and Back: Still OrbitingCornflake Girl (Live)
91.4%
Boys for PeleMr. Zebra
90.1%
To Venus and Back: OrbitingBliss
90.1%
To Venus and Back: Still OrbitingMr. Zebra (Live)
90.1%
Scarlet's WalkStrange
90.1%
Little EarthquakesLeather
88.9%
Under the PinkGod
88.9%
Boys for PeleBeauty Queen-Horses
88.9%
Boys for PeleBlood Roses
88.9%
Boys for PeleFather Lucifer
88.9%
Boys for PeleTwinkle
88.9%
From the Choirgirl HotelPandora's Aquarium
88.9%
To Venus and Back BsidesTwinkle (Live) (Glory of the 80s)
88.9%
Under the PinkSpace Dog
87.7%
Under the PinkYes, Anastasia
87.7%
Boys for PeleCaught A Lite Sneeze
87.7%
To Venus and Back: Orbiting1000 Oceans
87.7%
To Venus and Back: Still OrbitingSpace Dog (Live)
87.7%
Little Earthquakes BsidesMary (Crucify UK)
86.4%
Scarlet's WalkAmber Waves
86.4%
Y Kant Tori ReadCool on Your Island
85.2%
Little EarthquakesTear in Your Hand
85.2%
Under the PinkBells for Her
85.2%
Under the PinkThe Wrong Band
85.2%
From the Choirgirl HotelBlack Dove (January)
85.2%
From the Choirgirl HotelShe's Your Cocaine
85.2%
From the Choirgirl HotelHotel
85.2%
To Venus and Back: OrbitingConcertina
85.2%
To Venus and Back: OrbitingSuede
85.2%
To Venus and Back: Still OrbitingBells for Her (Live)
85.2%
Scarlet's WalkA Sorta Fairytale
85.2%
Little Earthquakes BsidesSugar (China)
84%
Boys for PeleWay Down
84%
Boys for PeleIn the Springtime of His Voodoo
84%
From the Choirgirl HotelCruel
84%
To Venus and Back: OrbitingJuarez
84%
To Venus and Back: OrbitingDatura
84%
To Venus and Back: Still OrbitingCruel (Live)
84%
To Venus and Back: Still OrbitingSugar (Live)
84%
Under the PinkWaitress
82.7%
Under the PinkIcicle
82.7%
Boys for PeleAgent Orange
82.7%
From the Choirgirl HotelJackie's Strength
82.7%
From the Choirgirl HotelIieee
82.7%
From the Choirgirl HotelPlayboy Mommy
82.7%
To Venus and Back: Still OrbitingWaitress (Live)
82.7%
Scarlet's WalkWednesday
82.7%
Scarlet's WalkGold Dust
82.7%
American Doll PosseYo George
82.7%
Under the PinkPast the Mission
81.5%
Boys for PeleTalula
81.5%
Boys for PelePutting The Damage On
81.5%
Scarlet's WalkCarbon
81.5%
Scarlet's WalkScarlet's Walk
81.5%
Under the PinkCloud on My Tongue
80.2%
Boys for PeleMarianne
80.2%
Boys for PeleHey Jupiter
80.2%
Boys for PeleDoughnut Song
80.2%
From the Choirgirl HotelLiquid Diamonds
80.2%
From the Choirgirl Hotel BsidesPurple People (Christmas in Space) (Spark)
80.2%
To Venus and Back: Still OrbitingCloud on My Tongue (Live)
80.2%
To Venus and Back: Still OrbitingPurple People (Live)
80.2%
To Venus and Back BsidesHey Jupiter (Live) (Bliss)
80.2%
Under the PinkBaker Baker
79%
Boys for PeleMuhammad My Friend
79%
To Venus and Back BsidesBaker Baker (Live) (1000 Oceans)
79%
The BeekeeperParasol
79%
The BeekeeperToast
79%
Tales of a LibrarianSnow Cherries From France
79%
Little Earthquakes BsidesSweet Dreams (Winter)
77.8%
From the Choirgirl HotelRaspberry Swirl
77.8%
To Venus and Back: OrbitingGlory of the 80s
77.8%
Scarlet's WalkI Can't See New York
77.8%
Scarlet's WalkVirginia
77.8%
American Doll PosseBig Wheel
77.8%
Little Earthquakes BsidesUpside Down (Winter)
76.5%
Under the Pink BsidesHoney (Cornflake Girl)
76.5%
From the Choirgirl HotelNorthern Lad
76.5%
To Venus and Back BsidesUpside Down (Live) (Bliss)
76.5%
Album Answer % Correct
Strange Little Girls97 Bonnie and Clyde
76.5%
Scarlet's WalkCrazy
76.5%
Scarlet's WalkDon't Make Me Come to Vegas
76.5%
American Doll PosseBouncing off Clouds
76.5%
Abnormally Attracted to SinGive
76.5%
Y Kant Tori ReadThe Big Picture
75.3%
Boys for PeleLittle Amsterdam
75.3%
To Venus and Back: OrbitingJosephine
75.3%
To Venus and Back: OrbitingSpring Haze
75.3%
Strange Little GirlsStrange Little Girl
75.3%
From the Choirgirl Hotel BsidesCooling (Spark UK)
74.1%
To Venus and Back: OrbitingRiot Poof
74.1%
To Venus and Back: Still OrbitingCooling (Live)
74.1%
Scarlet's WalkWampum Prayer
74.1%
The BeekeeperThe Power of Orange Knickers
74.1%
The BeekeeperThe Beekeeper
74.1%
Boys for PeleNot The Red Baron
72.8%
To Venus and Back: OrbitingLust
72.8%
The BeekeeperSweet the Sting
72.8%
American Doll PosseFat ****
72.8%
Abnormally Attracted to SinWelcome to England
72.8%
Scarlet's Walk BsidesBug a Martini (Scarlet's Hidden Treasures)
71.6%
Abnormally Attracted to SinLady in Blue
71.6%
Night of HuntersNight of Hunters
71.6%
Little Earthquakes BsidesSmells Like Teen Spirit(Crucify)
70.4%
Scarlet's WalkYour Cloud
70.4%
Scarlet's WalkMrs. Jesus
70.4%
American Doll PosseTeenage Hustling
70.4%
American Doll PossePosse Bonus
70.4%
American Doll PosseDragon
70.4%
Little Earthquakes BsidesHere.in My Head (Crucify UK)
69.1%
Scarlet's WalkPancake
69.1%
Scarlet's WalkTaxi Ride
69.1%
The BeekeeperMother Revolution
69.1%
American Doll PosseDigital Ghost
69.1%
American Doll PosseBeauty of Speed
69.1%
American Doll PosseSmokey Joe
69.1%
Abnormally Attracted to SinAbnormally Attracted to Sin
69.1%
Night of HuntersShattering Sea
69.1%
Unrepentant GeraldinesAmerica
69.1%
Y Kant Tori ReadHeart Attack at 23
67.9%
Y Kant Tori ReadEtienne Trilogy
67.9%
Scarlet's WalkSweet Sangria
67.9%
The BeekeeperSleeps With Butterflies
67.9%
The BeekeeperGeneral Joy
67.9%
American Doll PosseAlmost Rosey
67.9%
Little Earthquakes BsidesTake to the Sky (Winter)
66.7%
Under the Pink BsidesSister Janet (God)
66.7%
The BeekeeperJamaica Inn
66.7%
Tales of a LibrarianAngels
66.7%
American Doll PosseGirl Disappearing
66.7%
American Doll PosseDark Side of the Sun
66.7%
Y Kant Tori ReadPirates
65.4%
Strange Little GirlsI Don't Like Mondays
65.4%
Strange Little GirlsHappiness is a Warm Gun
65.4%
Strange Little GirlsReal Men
65.4%
Scarlet's Walk BsidesMountain (Scarlet's Web download)
65.4%
Scarlet's Walk BsidesRuby Through the Looking Glass (Scarlet's Hidden Treasures)
65.4%
The BeekeeperMarys of the Sea
65.4%
American Doll PosseYou Can Bring Your Dog
65.4%
American Doll PosseBody and Soul
65.4%
Abnormally Attracted to SinStrong Black Vine
65.4%
Abnormally Attracted to SinOphelia
65.4%
Night of HuntersCarry
65.4%
Unrepentant GeraldinesUnrepentant Geraldines
65.4%
Little Earthquakes BsidesAngie (Crucify)
64.2%
Strange Little GirlsNew Age
64.2%
The BeekeeperHoochie Woman
64.2%
Abnormally Attracted to SinNot Dying Today
64.2%
Little Earthquakes BsidesThe Pool (Winter)
63%
Scarlet's WalkAnother Girl's Paradise
63%
Scarlet's Walk BsidesApollo's Frock (Scarlet's Hidden Treasures)
63%
The BeekeeperBarons of Suburbia
63%
The BeekeeperMartha's Foolish Ginger
63%
American Doll PosseDevils and Gods
63%
American Doll PosseProgrammable Soda
63%
Scarlet's Walk BsidesTombigbee (Scarlet's Hidden Treasures)
61.7%
The BeekeeperIreland
61.7%
A PianoNot David Bowie
61.7%
American Doll PosseRoosterspur Bridge
61.7%
Unrepentant GeraldinesInvisible Boy
61.7%
Under the Pink BsidesAll the Girls Hate Her\Over it God(God)
60.5%
Under the Pink BsidesDaisy Dead Petals (Cornflake Girl)
60.5%
Strange Little Girls BsidesAfter All (Strange Little GIrl)
60.5%
The BeekeeperWitness
60.5%
The BeekeeperGoodbye Pisces
60.5%
Mona Lisa Smiles SdtkMurder He Says
60.5%
Abnormally Attracted to SinFlavor
60.5%
Abnormally Attracted to SinFast Horse
60.5%
From the Choirgirl Hotel BsidesBeulah Land (Jackie's Strength)
59.3%
From the Choirgirl Hotel BsidesSiren (Great Expectations Sdtk)
59.3%
Strange Little GirlsRaining Blood
59.3%
A PianoZero Point
59.3%
American Doll PosseMr. Bad Man
59.3%
American Doll PosseVelvet Revolution
59.3%
Abnormally Attracted to Sin500 Miles
59.3%
Unrepentant GeraldinesTrouble's Lament
59.3%
Album Answer % Correct
Unrepentant GeraldinesSelkie
59.3%
Y Kant Tori ReadFayth
58%
Boys for Pele BsidesAlamo (Talula)
58%
Strange Little GirlsTime
58%
Scarlet's Walk BsidesIndian Summer (Scarlet's Hidden Treasures)
58%
The BeekeeperRIbbons Undone
58%
The BeekeeperCars and Guitars
58%
Abnormally Attracted to SinCurtain Call
58%
Night of HuntersFearlessness
58%
Unrepentant GeraldinesWeatherman
58%
Y Kant Tori ReadFire on the Side
56.8%
Little Earthquakes BsidesThank You(Crucify)
56.8%
Boys for Pele BsidesGraveyard (Caught a Lite Sneeze)
56.8%
Strange Little GirlsEnjoy the Silence
56.8%
Strange Little GirlsHeart of Gold
56.8%
Mona Lisa Smiles SdtkYou Belong to Me
56.8%
Midwinter GracesA Silent Night With You
56.8%
Night of HuntersBattle of Trees
56.8%
Little Earthquakes BsidesFlying Dutchman(China)
55.6%
Boys for Pele BsidesFrog On My Toe (Talula)
55.6%
The BeekeeperOriginal Sinsuality
55.6%
A PianoOde to My Clothes
55.6%
American Doll PosseFather's Son
55.6%
Unrepentant GeraldinesOysters
55.6%
Strange Little GirlsRattlesnakes
54.3%
A PianoWalk to Dublin
54.3%
Abnormally Attracted to SinMaybe California
54.3%
Abnormally Attracted to SinMary Jane
54.3%
Night of HuntersYour Ghost
54.3%
Y Kant Tori ReadOn the Boundary
53.1%
A PianoDolphin Song
53.1%
Abnormally Attracted to SinStarling
53.1%
Midwinter GracesWhat Child, Nowell
53.1%
Unrepentant GeraldinesPromise
53.1%
Unrepentant GeraldinesForest of Glass
53.1%
Little Earthquakes BsidesHumpty Dumpty China)
51.9%
Under the Pink BsidesButterfly (Higher Learning Sdtk)
51.9%
Strange Little GirlsI'm Not in Love
51.9%
Strange Little Girls BsidesOnly Women Bleed (Strange Little Girl)
51.9%
Midwinter GracesStar of Wonder
51.9%
Night of HuntersSnowblind
51.9%
Night of HuntersJob's Coffin
51.9%
Night of HuntersThe Chase
51.9%
Unrepentant GeraldinesWedding Day
51.9%
Unrepentant GeraldinesGiant's Rolling Pin
51.9%
Little Earthquakes BsidesOde to the Banana King pt1(Silent All These Years)
50.6%
Under the Pink BsidesHome on the Range (God)
50.6%
Under the Pink BsidesBlack Swan (Pretty Good Year)
50.6%
Boys for Pele BsidesThat's What I Like Mick (The Sandwich Song) (Caught a Lite Sneeze)
50.6%
Scarlet's Walk BsidesOperation Peter Pan (A Sorta Fairytale)
50.6%
Scarlet's Walk BsidesSeaside (Scarlet's Hidden Treasures)
50.6%
Night of HuntersCactus Practice
50.6%
Night of HuntersStar Whisperer
50.6%
Unrepentant GeraldinesWild Way
50.6%
Unrepentant GeraldinesRose Dover
50.6%
American Doll PosseCode Red
50.6%
Y Kant Tori ReadFloating City
49.4%
Under the Pink BsidesIf 6 was 9 (Cornflake Girl)
49.4%
Boys for Pele BsidesSamurai (Caught a Lite Sneeze)
49.4%
Boys for Pele BsidesToodles Mr. Jim (Caught a Lite Sneeze)
49.4%
From the Choirgirl Hotel BsidesDo It Again (Spark UK)
49.4%
From the Choirgirl Hotel BsidesHave Yourself a Merry Little Christmas (Spark)
49.4%
From the Choirgirl Hotel BsidesNever Seen Blue (Jackie's Strength)
49.4%
Abnormally Attracted to SinThat Guy
49.4%
Midwinter GracesPink And Glitter
49.4%
Night of HuntersSeven Sisters
49.4%
American Doll PosseSecret Spell
48.1%
Abnormally Attracted to SinPolice Me
48.1%
Little Earthquakes BsidesSong for Eric (Silent All These Years)
46.9%
Little Earthquakes BsidesThoughts (Silent All These Years)
46.9%
Boys for Pele BsidesHungarian Wedding Song (Caught a Lite Sneeze)
46.9%
Boys for Pele BsidesLondon Girls (Caught a Lite Sneeze)
46.9%
From the Choirgirl Hotel BsidesMerman (No Boundaries: A Benefit for the Kosovar Refugees)
46.9%
A PianoTake Me with You
46.9%
Abnormally Attracted to SinFire to Your Plain
46.9%
Midwinter GracesEmmanuel
46.9%
Midwinter GracesWinter's Carol
46.9%
Midwinter GracesOur New Year
46.9%
Under the Pink BsidesA Case of You (Cornflake Girl)
45.7%
Boys for Pele BsidesAmazing Grace\Til The Chicken (Talula)
45.7%
A PianoPeeping Tommi
45.7%
From the Choirgirl Hotel BsidesBachelorette (Spark)
44.4%
Midwinter GracesHolly, Ivy, and Rose
44.4%
Midwinter GracesHarps Of Gold
44.4%
Night of HuntersNautical Twilight
44.4%
Unrepentant Geraldines16 Shades of Blue
44.4%
Y Kant Tori ReadYou Go to My Head
43.2%
Night of HuntersEdge of the Moon
43.2%
Under the Pink BsidesLosing My Religion (Higher Learning Sdtk)
40.7%
Midwinter GracesCandle
40.7%
To Venus and Back BsidesFamous Blue Raincoat (Live) (Glory of the 80s)
39.5%
Under the Pink BsidesStrange Fruit (Cornflake Girl)
38.3%
Boys for Pele BsidesThis Old Man (Caught a Lite Sneeze)
38.3%
Boys for Pele BsidesSister Named Desire (Talula)
37%
Midwinter GracesSnow Angel
37%
Midwinter GracesJeanette, Isabella
35.8%
Unrepentant GeraldinesMaids of Elfen-Mere
30.9%

You're not logged in!

Compare scores with friends on all Sporcle quizzes.
Sign Up with Email
OR
Log In

You Might Also Like...

Show Comments

Extras

Top Quizzes Today


Score Distribution

Your Account Isn't Verified!

In order to create a playlist on Sporcle, you need to verify the email address you used during registration. Go to your Sporcle Settings to finish the process.